000 00736aas a2200193 4500
999 _c63302
_d63302
001 768714001
003 CO-MdFUSB
005 20171023142937.0
008 171023s2010 ck ||||| |||| 00| 0 spa d
022 _a2145-8197
040 _aCO-MdFUSB
_bspa
_cCO-MdFUSB
_dCO-MdFUSB
041 _aspa
245 3 _aEl mundo se muere de gripa
_c/ El Tiempo
300 _aNúmero 1 (2010), páginas 26-27
_c: 28 cm.
546 _aEn poco menos de una año, una enfermedad ha causado casi tres veces más muertes que los cuatro años de la Primera Guerra Mundial: la llamada Gripa Española también deja sus muertos en Colombia
650 1 4 _aHISTORIA
773 0 _tdk100
_049432
_959938
_gNúmero 1 (2010), páginas 26-27
_qPágina 26
942 _cANA